Abai: (Poems. Epics. Book of Words) (Record no. 617023)

000 -LEADER
fixed length control field 00502nam a22001697a 4500
020 ## - INTERNATIONAL STANDARD BOOK NUMBER
International Standard Book Number 9785190115291
082 ## - DEWEY DECIMAL CLASSIFICATION NUMBER
Classification number 891.914
Author Mark ABA
100 ## - MAIN ENTRY--PERSONAL NAME
Personal name Kunanbayev, Abai.
245 ## - TITLE STATEMENT
Title Abai: (Poems. Epics. Book of Words)
260 ## - PUBLICATION, DISTRIBUTION, ETC.
Place of publication, distribution, etc. Moscow
Name of publisher, distributor, etc. Moscow University Press
Date of publication, distribution, etc. 2020.
300 ## - PHYSICAL DESCRIPTION
Extent 511p
504 ## - BIBLIOGRAPHY, ETC. NOTE
Bibliography, etc. note Text in Russian.
563 ## - BINDING INFORMATION
Binding note comprehensive Russian translation of Abai’s most essential works:
650 ## - SUBJECT ADDED ENTRY--TOPICAL TERM
Topical term or geographic name entry element Poetry
650 ## - SUBJECT ADDED ENTRY--TOPICAL TERM
Topical term or geographic name entry element Kazakh literature.
942 ## - ADDED ENTRY ELEMENTS (KOHA)
Source of classification or shelving scheme
Koha item type Book
650 ## - SUBJECT ADDED ENTRY--TOPICAL TERM
-- 29982
650 ## - SUBJECT ADDED ENTRY--TOPICAL TERM
-- 134092
Holdings
Withdrawn status Lost status Source of classification or shelving scheme Materials specified (bound volume or other part) Damaged status Not for loan Permanent Location Current Location Date acquired Source of acquisition Total Checkouts Full call number Barcode Date last seen Price effective from Koha item type Public note Coded location qualifier
      Satbayev Centre     Central Library (CL) Central Library (CL) 04/13/2026 Satbayev Centre   891.914 ABA CL-D-3341 04/13/2026 04/13/2026 Book Satbayev Centre  
      Satbayev Centre     Central Library (CL) Central Library (CL) 04/13/2026 Satbayev Centre   891.914 ABA CL-D-3342 04/13/2026 04/13/2026 Book Satbayev Centre  
      Satbayev Centre     Central Library (CL) Central Library (CL) 04/13/2026 Satbayev Centre   891.914 ABA CL-D-3343 04/13/2026 04/13/2026 Book Satbayev Centre  
      Satbayev Centre     Central Library (CL) Central Library (CL) 04/14/2026 Satbayev Centre   891.914 ABA CL-D-3340 04/14/2026 04/14/2026 Book Satbayev Centre Satbayev C
© 2023 Central Library, National University of Sciences and Technology. All Rights Reserved.